000 00570nam a2200217Ia 4500
003 OSt
005 20220928151048.0
006 a|||||r|||| 00| 0
007 ta
008 220927b |||||||| |||| 00| 0 eng d
024 _a111762
037 _cTextual
040 _aSDCL
_cSDCL
_beng
041 _2eng
_aeng
082 _aO152,3N:g(R), L3
100 _aLavaniya Ramesh Chandra
_9516375
245 0 _aHindi- kahani me jivan- mulya.
260 _c1973
942 _hO152,3N:g(R), L3
_cTEXL
_2CC
999 _c848789
_d848789